Siêu kinh tế học hài hước Sự giảm nhiệt toàn cầu, những cô gái bán hoa yêu nước và vì sao những kẻ đánh bom liều chết nên mua bảo hiểm nhân thọ

Tên sách tiếng Anh: Superfreakonomics; Bằng những suy luận dí dỏm kết hợp với khả năng kể chuyện hấp dẫn, các tác giả đã lần lượt giải đáp những khúc mắc cho các vấn đề liên quan tới kinh tế học thông qua cách tư duy hiện đại, mới mẻ vo...

Cijeli opis

Spremljeno u:
Bibliografski detalji
Glavni autor: Levitt, Steven D
Daljnji autori: Dubner, Stephen J
Format: Knjiga
Jezik:Undetermined
Izdano: H. Thế giới 2018
Teme:
Online pristup:http://lrc.tdmu.edu.vn/opac/search/detail.asp?aID=2&ID=33574
Oznake: Dodaj oznaku
Bez oznaka, Budi prvi tko označuje ovaj zapis!
Thư viện lưu trữ: Trung tâm Học liệu Trường Đại học Thủ Dầu Một
LEADER 01389nam a2200229Ia 4500
001 TDMU_33574
008 210410s9999 xx 000 0 und d
082 |a 363.7 
090 |b L207 
100 |a Levitt, Steven D 
245 0 |a Siêu kinh tế học hài hước 
245 0 |b Sự giảm nhiệt toàn cầu, những cô gái bán hoa yêu nước và vì sao những kẻ đánh bom liều chết nên mua bảo hiểm nhân thọ 
245 0 |c Steven D. Levitt, Stephen J. Dubner; Nguyễn Kim Ngọc, Đào Thị Hương Lan dịch 
260 |a H. 
260 |b Thế giới 
260 |c 2018 
300 |a 390tr. 
520 |a Tên sách tiếng Anh: Superfreakonomics; Bằng những suy luận dí dỏm kết hợp với khả năng kể chuyện hấp dẫn, các tác giả đã lần lượt giải đáp những khúc mắc cho các vấn đề liên quan tới kinh tế học thông qua cách tư duy hiện đại, mới mẻ với một cách đầy hiện thực - có tốt, xấu, kì dị và siêu hài hước 
650 |a Kinh tế học  |x Suy luận 
700 |a Dubner, Stephen J 
856 |u http://lrc.tdmu.edu.vn/opac/search/detail.asp?aID=2&ID=33574 
980 |a Trung tâm Học liệu Trường Đại học Thủ Dầu Một